| 000 | 00476cam a2200181ua 4500 | ||
|---|---|---|---|
| 020 | _cRs 4.00 | ||
| 041 |
_amal _h |
||
| 082 |
_a954 _bMAG/RA |
||
| 100 | _aPrabhudas Desai, Maghanbhai . | ||
| 245 |
_aRaja Ram Mohan Roy muthal Gandhiji vare / _cMaghanbhai Prabhudas Desai. _hTextual Documents |
||
| 250 |
_a1 / _b. |
||
| 260 |
_aThrissur : _bCurrent Books , _c1964. |
||
| 300 | _a298 ; . | ||
| 365 | _aRs 4.00 | ||
| 504 | _a | ||
| 942 | _cBK | ||
| 999 |
_c321 _d321 |
||